LEADER 00733nam a2200205 i 4500 001 000000154032 003 CaOOAMICUS 005 20061009000000.0 008 061009s1958 it u000 u ita u 013 $a131378 040 $aSeMil$bita 100 1 $aGarro, Emilio.$0(OLS)http://semarc/name/60266 245 10$aMaria Vergine Madre di Dio /$cEmilio Garro. 260 $aTorino [etc.] :$bSEI,$c1958. 300 $aVII, 275 p. ;$c24 cm. 850 $aSeMil 852 $aSeMil$W1$xVenegono$y1$m54 193 *$j105903$B105903$CSeMilBibl$Z2$F115434 $81 961 $aLascito: Spada don Giorgio 996 $6245$aMaria Vergine Madre di Dio$9(OLS)http://semarc/title/225377 996 $6260$aTorino [etc.] :$bSEI$9(OLS)http://semarc/publisher/32375 LEADER 01084nam a2200193 i 4500 001 000000250415 003 CaOOAMICUS 005 20160803000000.0 008 160803s1776 it u000 u lat u 013 $a229320 026 $aino, m.u- a-s- alnu (3) 1776 (R) 040 $aSeMil$bita 245 10$aTomus tertius, in quo continentur panegyrici sanctorum diversi ordinis, & characteris, e gallico sermone in latinum translati. 300 $a168 p. 500 $aSegn. : A-I8 K-L6. 773 0 $aHoudry, Vincent $tR.p. Vincentii Houdry e Societate Jesu Bibliotheca concionatoria complectens panegyricas orationes sanctorum. Tomus 1. [-5.], in quo continentur ... panegyrici e Gallico sermone in Latinum translati.$bEditio novissima.$dVenetiis : Ex Typographia Balleoniana, 1776.$g3$w()18194 850 $aSeMil 852 $aSeMil$W1$xVenegono$y1$m3D VIII 6 FA$j200761$B200761$CSeMilBibl$Z2$F212483 $8I 996 $6245$aTomus tertius, in quo continentur panegyrici sanctorum diversi ordinis, & characteris, e gallico sermone in latinum translati$9(OLS)http://semarc/title/352627